000 00496nam a2200181Ia 4500
003 GCL
008 140319s9999 xx 000 0 aFre d
020 _a02910489
040 _aGCL /
_cGCL
082 0 4 _a181
_bV O
100 1 _aVERNANT, JEAN - PIERRE
245 1 0 _aLES ORIGINES DE LA PENSEE GRECQUE /
_cVERNANT, JEAN - PIERRE
260 _aفرنسا :
_bQUADRIGE ،
_c1995
300 _a18 CM ؛
_c133 P
650 0 4 _aPHILOSOPHY - HISTORY
650 0 4 _aGREEK - PHILOSOPHY
942 _2ddc
_cBK
999 _c8439
_d8439